000
00296nam a2200097Ia 4500
082
_a
R 082 ANDR
245
0
_a
The new Penguin dictionary of modern quotations
100
_a
ANDREWS, Robert London, 2003 [New ed.]
_9
96658
942
_c
BK
008
210817s9999 xx 000 0 und d
999
_c
407053
_d
407052